| 000 | 00753nam a2200253 i 4500 | ||
|---|---|---|---|
| 001 | bg | ||
| 100 | 1 | _aWAINWRIGHT, Gordon | |
| 245 | 1 | 0 |
_aDyplomacja w listach handlowych / _cGordon Wainwright. |
| 246 |
_iTyt. oryg.: _aZaw. przykładowe fragmenty listów. |
||
| 260 |
_aWarszawa : _bFundacja Rozwoju Rachunkowości, _c1997. |
||
| 300 |
_a194 s. : _b1 rys. ; _c24 cm. |
||
| 500 | _aZaw. przykładowe fragmenty listów. | ||
| 500 | _aOryg. : "Tricky business letters". | ||
| 504 | _aIndeks. | ||
| 650 | 9 | _aKorespondencja handlowa | |
| 655 | _aPoradniki | ||
| 020 | _a8386543124 | ||
| 040 | _cBPK | ||
| 041 | 1 |
_apl _henen |
|
| 080 | _a339.1(044.4):651 | ||
| 920 | _a83-86543-12-4 | ||
| 942 | _cKS | ||
| 008 | s pl f |000 0 pol | ||
| 999 |
_c32490 _d32490 |
||
| 856 |
_uhttp://koha.tu.koszalin.pl/cgi-bin/koha/opac-detail.pl?biblionumber=32490 _yKatalog online BPK |
||